Čo sa skrývalo za diagnózou hemoragická cystitída

Bibliographic Details
Main Authors: Červeňová, Oľga, 1949- (Author), Černianska, A. (Author)
Corporate Author: Jubilejní pracovní dny dětské nefrologie (Author)
Format: Conference Proceeding Article
Language:Slovak
ISSN:0069-2328
Subjects:

MARC

LEADER 00000nab a2200000 a 4500
001 vtls001563851
003 SK-MaSNL
005 20260304030517.0
008 141112c2005 xo 0 slo
015 |a SNBCL2005/2 
035 |a SLK032274 
040 |a SLKCL  |b slo  |c SNKBUCL  |e AACR2 
041 1 |a slo 
044 |a xo  |c SK 
080 |a 616.634.15-053.2:061.3  |2 1981 
100 1 |a Červeňová, Oľga,  |d 1949-  |4 aut  |9 40038 
245 1 0 |a Čo sa skrývalo za diagnózou hemoragická cystitída  |c O. Červeňová, A. Černianska 
650 0 7 |a cystitída  |x dieťa  |2 MESH  |9 1308895 
650 0 7 |a hematúria  |x dieťa  |2 MESH  |9 1308896 
650 0 7 |a telesá cudzie  |2 MESH  |9 855737 
650 0 7 |a poranenia  |2 MESH  |9 1162 
650 0 7 |a estrogény  |2 MESH  |9 15046 
650 0 7 |a dojčenie  |2 MESH  |9 3802 
650 0 7 |a abstrakty z kongresu  |2 MESH  |9 168204 
650 0 7 |a kazuistika  |2 MESH  |9 19523 
650 0 7 |a močový mechúr  |2 MESH  |9 70115 
700 1 |a Černianska, A.  |4 aut  |9 1055328 
711 1 |a Jubilejní pracovní dny dětské nefrologie  |n (25. :  |d 2005 :  |c Olomouc, Česko)  |4 aut  |9 73898 
773 0 |t Česko-slovenská pediatrie  |g Roč. 60, č. 2 (2005), s. 102  |x 0069-2328 
850 |a Slovenská lekárska knižnica v Bratislave  |a BA006 
852 |a BA006  |b KIS3GCP  |b 000500000 
999 |c 2634422  |d 2636352